Biblioteka Instytutu Północnego w Olsztynie

Widok standardowy Widok MARC

Pozycja Personal Name

Liczba rekordów, w których użyto hasła: 1

001 - Numer kontrolny

  • control field: 40879

003 - Identyfikator numeru kontrolnego

  • control field: NUKAT

005 - Data i czas ostatniej modyfikacji

  • control field: 20260429125922.0

008 - Dane kontrolne kodowane (40 znaków)

  • fixed length control field: 050120n||azznnbabn |a aaa |

010 ## - Numer kontrolny Biblioteki Kongresu

  • numer kontrolny LC: p 2004416109

024 7# - OTHER STANDARD IDENTIFIER

  • Standard number or code: 64806315
  • Source of number or code: viaf

035 ## - Numer systemowy

  • numer systemowy: a11867206

035 ## - Numer systemowy

  • numer systemowy: (PL)a0000001186720

040 ## - Instytucja sporządzająca rekord

  • inst. przygot. dane do rek. khw: WA N
  • język haseł przedmiotowych/tezaurus: DBN
  • inst. wprow. rek. khw: WA N

043 ## - Kod obszaru geograficznego

  • ISO code: PL

046 ## - Special dates

  • Birth date: 1873
  • Death date: 1960

100 1# - Hasło - nazwa osobowa

  • nazwa osobowa w formie ujednoliconej: Haller, Józef
  • daty biograficzne: (1873-1960)

368 ## - Other Attributes

  • Corp type: Generałowie

370 ## - Associated place

  • Place of birth: Jurczyce (woj. małopolskie, pow. krakowski, gm. Skawina)

370 ## - Associated place

  • Place of death: Londyn (Wielka Brytania)

370 ## - Associated place

  • Country: Polska

400 1# - Trop zob. - nazwa osobowa

  • nazwa osobowa (nazwisko, imiona): Hallenburg Haller, Józef

400 1# - Trop zob. - nazwa osobowa

  • nazwa osobowa (nazwisko, imiona): Hallenburg Haller, Józef Władysław de

550 ## - Trop zob. też - nazwa pospolita

  • nazwa posp. lub nazwa geogr. na pocz.: Hallerówka (Władysławowo ; budynek)

550 ## - Trop zob. też - nazwa pospolita

  • nazwa posp. lub nazwa geogr. na pocz.: Pierścień Hallera (odznaczenie)

550 ## - Trop zob. też - nazwa pospolita

  • nazwa posp. lub nazwa geogr. na pocz.: Zaślubiny Polski z morzem (1920)

670 ## - Źródło informacji

  • źródło informacji: Dwa opowiadania/ Tadeusz Chróścielewski. - Mińsk Mazowiecki 1997.

670 ## - Źródło informacji

  • źródło informacji: Błękitna armia / Dariusz Radziwiłłowicz. - Warszawa, 1997.
Biblioteka Instytutu Północnego, ul. Partyzantów 87, 10-402 Olsztyn, email: biblioteka(at)ip.olsztyn.pl